|
|
|
|
| LEADER |
00000nam0a2200000 4500 |
| 001 |
358227 |
| 005 |
20231102011055.0 |
| 035 |
|
|
|a (RuTPU)RU\TPU\retro\15495
|
| 090 |
|
|
|a 358227
|
| 100 |
|
|
|a 20200814d1885 km y0rusy50 ca
|
| 101 |
0 |
|
|a rus
|
| 102 |
|
|
|a RU
|
| 105 |
|
|
|a a z 000zy
|
| 200 |
1 |
|
|a Механика действия сил на твердые тела по тротвину
|f П. Ф. Кольдевин
|
| 210 |
|
|
|a [Б. м.]
|c [Б. и.]
|d 1885
|
| 215 |
|
|
|a 111 с.
|c ил.
|e Прилож. : 5 вкл. л. черт.
|
| 225 |
1 |
|
|a Сообщения Императорского Русского Технического общества
|e Кавказский отдел
|
| 300 |
|
|
|a Текст в русской дореформенной орфографии
|
| 606 |
1 |
|
|a Механика
|2 stltpush
|3 (RuTPU)RU\TPU\subj\67812
|9 83462
|
| 610 |
1 |
|
|a твердые тела
|
| 610 |
1 |
|
|a силы
|
| 610 |
1 |
|
|a действие
|
| 610 |
1 |
|
|a механические силы
|
| 610 |
1 |
|
|a тяжесть
|
| 610 |
1 |
|
|a напряжение
|
| 610 |
1 |
|
|a движение
|
| 610 |
1 |
|
|a сопротивление
|
| 610 |
1 |
|
|a чертежи
|
| 610 |
1 |
|
|a скорость
|
| 610 |
1 |
|
|a потери
|
| 610 |
1 |
|
|a законы
|
| 610 |
1 |
|
|a библиотека А. Э. Сабека
|
| 675 |
|
|
|a 531
|v 4
|
| 700 |
|
1 |
|a Кольдевин
|b П. Ф.
|
| 801 |
|
1 |
|a RU
|b 63413507
|c 20200814
|
| 801 |
|
2 |
|a RU
|b 63413507
|c 20220719
|g RCR
|
| 942 |
|
|
|c BK
|